=LDR 00000nam 2200000 4500 =001 001140 =005 20250714090022 =035 ##$$a 0010-0725001024 =007 ta =008 250714################a##########0#ind## =020 ##$$a 978-623-307-154-3 =082 ##$$a 398.209 598 =084 ##$$a 398.209 598 FEL m =100 #$$a Felicia amara =245 1#$$a Mengapa diam saja? /$c Felicia amara =250 ##$$a Cetakan kedua =260 ##$$a Rawamangun :$b Badan pengembangan dan pembinaan bahasa,$c 2022 =300 ##$$a 24hlm. : $b Ilus. ; $c 29,7cm =650 #4$$a Cerita anak-indonesia